| Tag |
First Indicator |
Second Indicator |
Subfields |
| LEADER |
00000cam a2200000 4500 |
| 001 |
in00000061259 |
| 005 |
20151008051641.0 |
| 008 |
741205s1936 nyu b 00000 eng u |
| 010 |
|
|
|a 37004002
|
| 035 |
|
|
|a (OCoLC)01099733
|
| 035 |
|
|
|9 AAG9187AM
|
| 040 |
|
|
|c SRS
|d TXA
|d UtOrBLW
|
| 049 |
|
|
|a TXAM
|c [158590]
|
| 050 |
0 |
0 |
|a JN8781
|b .R3
|
| 092 |
|
|
|a 342.494
|b R221g
|
| 100 |
1 |
|
|a Rappard, William E.
|q (William Emmanuel),
|d 1883-1958.
|
| 245 |
1 |
4 |
|a The government of Switzerland /
|c [by] William E. Rappard.
|
| 264 |
|
1 |
|a New York :
|b D. Van Nostrand company, inc.,
|c 1936.
|
| 300 |
|
|
|a ix, 164 pages ;
|c 22 cm.
|
| 336 |
|
|
|a text
|b txt
|2 rdacontent
|
| 337 |
|
|
|a unmediated
|b n
|2 rdamedia
|
| 338 |
|
|
|a volume
|b nc
|2 rdacarrier
|
| 490 |
1 |
|
|a The governments of modern Europe
|
| 500 |
|
|
|a Maps on lining-papers.
|
| 504 |
|
|
|a "Bibliographical remarks": pages 147-153.
|
| 651 |
|
0 |
|a Switzerland
|x Politics and government.
|
| 830 |
|
0 |
|a Governments of modern Europe.
|
| 999 |
|
|
|a MARS
|
| 999 |
f |
f |
|s 4832e3b0-fbc4-36aa-b47e-45f524ce79a6
|i 11f881f1-cbd5-33a9-9625-3c39ea5752c0
|t 0
|
| 952 |
f |
f |
|p normal
|a Texas A&M University
|b College Station
|c Sterling C. Evans Library
|d Evans: Library Stacks
|t 0
|e JN8781 .R3
|h Library of Congress classification
|i unmediated -- volume
|m A14826624455
|
| 998 |
f |
f |
|a JN8781 .R3
|t 0
|l Evans: Library Stacks
|